Religion Quiz

Random Religion Quiz
Score 0/73 Timer 15:00
0 Plays Today
Hint Answer % Correct
RachelJoseph
84%
LeahReuben
80%
RachelBenjamin
80%
'Hairy'Esau
80%
LawGenesis
72%
LawExodus
72%
LawLeviticus
72%
LawNumbers
72%
LawDeuteronomy
72%
LeahLevi
72%
'He Fights With God'Israel
72%
HistoryJoshua
68%
History1 Samuel
68%
History2 Samuel
68%
History1 Kings
68%
History2 Kings
68%
Major ProphetsIsaiah
68%
Major ProphetsJeremiah
68%
'He Laughs'Isaac
68%
HistoryJudges
64%
HistoryRuth
64%
HistoryEzra
64%
HistoryNehemiah
64%
PoetryPsalms
64%
PoetryProverbs
64%
PoetrySong of Solomon
64%
LeahSimeon
64%
LeahJudah
64%
'He Deceives'Jacob
64%
History1 Chronicles
60%
History2 Chronicles
60%
HistoryEsther
60%
PoetryJob
60%
PoetryEcclesiastes
60%
Major ProphetsEzekiel
60%
Major ProphetsDaniel
60%
BilhahDan
60%
Hint Answer % Correct
ZilpahAsher
60%
Major ProphetsLamentations
56%
Minor ProphetsHosea
56%
Minor ProphetsAmos
56%
BilhahNaphtali
56%
ZilpahGad
56%
Minor ProphetsJoel
52%
Minor ProphetsJonah
52%
Minor ProphetsHabakkuk
52%
Minor ProphetsZephaniah
52%
Minor ProphetsZechariah
52%
Minor ProphetsMalachi
52%
Minor ProphetsObadiah
48%
Minor ProphetsNahum
48%
Minor ProphetsHaggai
48%
Minor ProphetsMicah
44%
LeahZebulun
44%
LeahIsaachar
24%
Chosen LineShem
24%
Chosen LineTerah
20%
Chosen LineAbraham
20%
Chosen LineIsaac
20%
Chosen LineJacob
20%
Chosen LineJudah
20%
Chosen Line7 Generations
16%
Chosen LinePerez
12%
Toledot - The Primeval HistoryHeavens and earth
12%
Toledot - The Primeval HistoryAdam's line
12%
Toledot - The Primeval HistoryNoah
12%
Toledot - The Primeval HistoryShem, Ham, Japheth
12%
Toledot - The Primeval HistoryShem
12%
Toledot - The Patriarchal NarativesTerah
12%
Toledot - The Patriarchal NarativesIshmael
12%
Toledot - The Patriarchal NarativesIsaac
12%
Toledot - The Patriarchal NarativesEsau
12%
Toledot - The Patriarchal NarativesJacob
12%
Remove Ads.
Support Sporcle.
Get the best of Sporcle when you Go Orange. This ad-free experience offers more features, more stats, and more fun while also helping to support Sporcle. Thank you for becoming a member.

You're not logged in!

Compare scores with friends on all Sporcle quizzes.
OR
Log In

Show Comments

Extras

Top Quizzes Today


Score Distribution

Your Account Isn't Verified!

In order to create a playlist on Sporcle, you need to verify the email address you used during registration. Go to your Sporcle Settings to finish the process.

Report this User

Report this user for behavior that violates our Community Guidelines.

Details: